Radikálna cesta vedie k lepším výsledkom Autor poľskej hospodárskej reformy Leszek Balcerowicz na prednáške v Bratislave

Podstatné časti z prednášky bývalého podpredsedu rady ministrov Poľska, ktorú predniesol koncom júna 1994 v Bratislave. Tri osobitosti premien postkomunistických krajín. Slovensko zaťažené socializmom viac ako Česko, preto má horší východiskový stav. Úloha stabilnej meny pre hospodársky rozvoj. Viac...

Descripción completa

Guardado en:
Detalles Bibliográficos
Autor principal: Balcerowicz, Leszek
Otros Autores: Matloň, Igor
Formato: Capítulo de libro
Lenguaje:eslovaco
Materias:
Etiquetas: Agregar Etiqueta
Sin Etiquetas, Sea el primero en etiquetar este registro!

MARC

LEADER 00000naa a2200000 4500
001 r015627
005 20221213114655.9
041 0 |a slo 
044 |a SK 
245 1 0 |a Radikálna cesta vedie k lepším výsledkom  |b Autor poľskej hospodárskej reformy Leszek Balcerowicz na prednáške v Bratislave  |c Leszak Balcerowicz, Igor Matloň 
520 |a Podstatné časti z prednášky bývalého podpredsedu rady ministrov Poľska, ktorú predniesol koncom júna 1994 v Bratislave. Tri osobitosti premien postkomunistických krajín. Slovensko zaťažené socializmom viac ako Česko, preto má horší východiskový stav. Úloha stabilnej meny pre hospodársky rozvoj. Viac pozitívnych zmien prináša radikálna reforma. 
610 2 0 |a reformy hospodárske 
610 2 0 |a východná Európa 
610 2 0 |a stredná Európa 
610 2 0 |a Poľsko 
610 2 0 |a Česko 
610 2 0 |a Slovensko 
610 2 0 |a politika 
610 2 0 |a politika hospodárska 
610 2 0 |a mena 
610 2 0 |a integrácia ekonomická medzinárodná 
610 2 0 |a Vyšehradská štvorka 
610 2 0 |a Európska únia 
100 1 |a Balcerowicz, Leszek 
700 1 |a Matloň, Igor